LEADER 01029nam a2200253 4500 001 000000363141 003 CaOOAMICUS 005 20250612154402.0 008 250611s2021 it a 000 u ita r 020 $a978-88-576-1131-0 040 $aSeMil$bita 100 1 $aMattotti, Lorenzo,$d<1954- >.$0(OLS)http://semarc/name/57950 245 10$aRomeo & Giulietta /$cLorenzo Mattotti. 264 1$aModena :$bLogos,$c[2021] 300 $a1 v. (senza paginazione) :$btotalmente ill. ;$c14x18 cm 500 $aFrontespizio su due pagine 650 4$aShakespeare, William <1564-1616> - Opere - Arte.$0(OLS)http://semarc/subject/57845 850 $aSeMil 852 $aSeMil$W1$xVenegono$y1$m1W I 703$j258466$B254011$CSeMilBibl$Z2$F254011 $81 961 $aPerego don Stefano - Omaggio 996 $6020$a978-88-576-1131-0$9(OLS)http://semarc/number/303345 996 $6245$aRomeo & Giulietta$9(OLS)http://semarc/title/454268 996 $6264$aModena :$bLogos$9(OLS)http://semarc/publisher/62404 LEADER 01152nam a2200277 i 4500 001 000000087342 003 CaOOAMICUS 005 20111020000000.0 008 111020s1961 xx u000 u und u 013 $a59582 040 $aSeMil$bita 100 1 $aMazzolari, Primo,$d<1890-1959>.$0(OLS)http://semarc/name/3525 245 12$aI preti operai. 260 $aVicenza :$bLa Locusta,$c1961. 300 $a152 p. 650 4$aPreti operai.$0(OLS)http://semarc/subject/8156 700 1 $aBéguin, Albert,$d<1901-1957>.$0(OLS)http://semarc/name/15878 700 1 $aColla, Rienzo <1921-2009>.$0(OLS)http://semarc/name/39965 700 1 $aFavreau, Michel.$0(OLS)http://semarc/name/39471 700 1 $aSuhard, Emanuele .$0(OLS)http://semarc/name/25034 700 1 $aRétif, Louis.$0(OLS)http://semarc/name/29963 700 1 $aVoillaume, René,$c.$0(OLS)http://semarc/name/7307 850 $aSeMil 852 $aSeMil$W1$xVenegono$y1$m94 1 31 *$j50864$B50864$CSeMilBibl$Z2$F54941 $81 996 $6245$aI preti operai$9(OLS)http://semarc/title/133456 996 $6260$aVicenza :$bLa Locusta$9(OLS)http://semarc/publisher/31451